A német nagykövet szerdán elhagyta Amerikát
Elmentve itt :
| Dokumentumtípus: | Cikk |
|---|---|
| Megjelent: |
1917-02-17
|
| Sorozat: | Délmagyarország
6 No. 40 |
| Kulcsszavak: | Világháború 1. USA belépése |
| Online Access: | http://dmarchiv.bibl.u-szeged.hu/58366 |
| LEADER | 00433nab a2200145 i 4500 | ||
|---|---|---|---|
| 001 | delm58366 | ||
| 005 | 20180927144616.0 | ||
| 008 | 180927s1917 hu o 0|| hun d | ||
| 040 | |a SZTE Délmagyarország Archívum |b hun | ||
| 041 | |a hun | ||
| 245 | 0 | 2 | |a A német nagykövet szerdán elhagyta Amerikát |h [elektronikus dokumentum] |
| 260 | |c 1917-02-17 | ||
| 300 | |a 2 | ||
| 490 | 0 | |a Délmagyarország |v 6 No. 40 | |
| 695 | |a Világháború 1. USA belépése | ||